| 000 | 00427cam a2200181 4500 | ||
|---|---|---|---|
| 001 | D13019 | ||
| 008 | 090401t1959 xxu||||| |||| 00| 0 eng d | ||
| 035 | _a(Sirsi) u7269 | ||
| 041 | _aeng | ||
| 100 | _aHudson, Alfred H | ||
| 245 | _aHudson`s building and engineering contracts | ||
| 250 | _a8th | ||
| 260 |
_aLondon _bSweet and Maxwell _c1959 |
||
| 350 | _a0 | ||
| 520 | _aShelf 117 | ||
| 942 | _n0 | ||
| 948 | _c04/03/1997 | ||
| 999 |
_c86399 _d86399 |
||